[Event "Malopolska-ch"]
[Site "Krakow"]
[Date "2023.06.09"]
[Round "4"]
[White "Makhynia, Kostiantyn"]
[Black "Kozlowski, Franciszek"]
[Result "1-0"]
[WhiteElo "2015"]
[BlackElo "1900"]
[PlyCount "79"]
[EventDate "2023.06.08"]
[EventType "swiss"]
[EventRounds "7"]
[EventCountry "POL"]
[SourceTitle "CBM 214 Extra"]
[Source "ChessBase"]
[SourceDate "2023.07.31"]
[SourceVersion "1"]
[SourceVersionDate "2023.07.31"]
[SourceQuality "1"]

1. d4 d5 2. Nf3 e6 3. g3 Nf6 4. Bg2 Be7 5. c4 0-0 6. 0-0 dxc4 7. Nc3 Nc6 8. e3 Bd6 9. Qe2 e5 10. d5 Na5 11. e4 a6 12. Nh4 b5 13. f4 b4 14. Nd1 Bd7 15. Qe1 Qe7 16. Ne3 Bc5 17. Kh1 Bb5 18. Nef5 Qe8 19. Be3 Bxe3 20. Qxe3 c3 21. bxc3 Bxf1 22. Rxf1 Nc4 23. Qc1 exf4 24. cxb4 Ne3 25. Rxf4 Nxg2 26. Kxg2 Qe5 27. Nf3 Qe8 28. e5 Nh5 29. Rg4 f6 30. Qh6 Qf7 31. e6 Kh8 32. Rxg7 Qxg7 33. Nxg7 Nxg7 34. Nd4 Rfd8 35. Qxf6 Rd7 36. d6 Rxd6 37. e7 Rd5 38. Ne6 Rg8 39. Kh3 Rd6 40. e8Q 1-0